[Event "Titled Tue 5th Nov Early"]
[Site "chess.com INT"]
[Date "2024.11.05"]
[Round "9"]
[White "Caruana, F.."]
[Black "Deac, Bogdan-Daniel"]
[Result "1-0"]
[WhiteElo "2805"]
[BlackElo "2687"]
[PlyCount "93"]
[EventDate "2024.11.05"]

1. d4 Nf6 2. c4 e6 3. Nc3 Bb4 4. e3 O-O 5. a3 Bxc3+ 6. bxc3 c5 7. Bd3 Nc6 8. Rb1 Re8 $146 ({RR} 8... b6 9. e4 d6 10. Ne2 Ba6 11. O-O Rc8 12. Bg5 h6 13. Bh4 g5 14. Bg3 Nh5 15. f4 cxd4 16. cxd4 Na5 17. Be1 Bxc4 18. Bxc4 Nxc4 19. Rb3 f5 20. exf5 exf5 21. Rh3 Qe8 22. fxg5 hxg5 23. Bd2 {Grischuk,A (2732)-Sadhwani,R (2654) Moscow RUS 2023 ½-½ (42)}) ({RR} 8... d6 9. Ne2 b6 10. e4 Ne8 11. O-O Ba6 12. f4 f5 13. Ng3 fxe4 14. Nxe4 Nf6 15. Ng5 Qd7 16. d5 exd5 17. cxd5 Bxd3 18. Qxd3 Ne7 19. c4 Qf5 20. Qxf5 Nxf5 21. Ne6 Rf7 22. a4 Re8 23. Rb3 {Grischuk,A (2736)-Karjakin,S (2750) Moscow RUS 2023 ½-½ (49)}) ({RR} 8... h6 9. Ne2 b6 10. e4 Ne8 11. O-O Ba6 12. f4 f5 13. exf5 exf5 14. Ng3 g6 15. dxc5 bxc5 16. Be3 d6 17. Bxf5 gxf5 18. Qd5+ Kh8 19. Qxc6 Bxc4 20. Rfd1 Rc8 21. Qa4 Be6 22. Qxa7 Rf7 23. Qa4 {Pipiras,F (2178)-Wartiovaara,O (2340) Stockholm SWE 2025 0-1 (49)}) ({RR} 8... d6 9. Ne2 e5 10. O-O Re8 11. f3 b6 12. e4 cxd4 13. cxd4 Nxd4 14. Nxd4 exd4 15. Bg5 Re5 16. Bh4 Qe7 17. Be2 Ra5 18. Rb3 Ba6 19. Qxd4 Qe5 20. Rd1 Qxd4+ 21. Rxd4 Ne8 22. Be1 Rc5 23. Bb4 {Caruana,F (2805)-Deac,B (2680) Bucharest ROU 2024 1-0 (34)}) ({RR} 8... b6 9. e4 Ne8 10. dxc5 bxc5 11. f4 f5 12. e5 Ba6 13. Nf3 Rb8 14. Rxb8 Qxb8 15. Qa4 Qb6 16. Be3 Nc7 17. O-O Qa5 18. Qxa5 Nxa5 19. Bxc5 Rc8 20. Rd1 Bxc4 21. Bb4 Bxd3 22. Rxd3 Nc4 23. Rxd7 {Zuferi,E (2373)-Petersen,M (2097) Basel SUI 2023 1-0 (38)}) 9. Ne2 e5 10. O-O e4 11. Bc2 b6 12. f3 Ba6 13. fxe4 Nxe4 14. Rf4 d5 15. cxd5 Qxd5 16. c4 Qxc4 17. Bxe4 Rxe4 18. Rxe4 Qxe2 19. Qxe2 Bxe2 20. Rb3 c4 21. Rc3 Bd3 22. Rf4 Rd8 23. Bb2 b5 24. Rc1 a5 25. Rh4 b4 26. Rh5 f6 27. Rc5 Rd6 28. R1xc4 Bxc4 29. Rxc4 Kf7 30. Kf2 Ke6 31. e4 Kd7 32. d5 Ne7 33. axb4 Rb6 34. Ba3 a4 35. Ke3 f5 36. Rc5 fxe4 37. Kxe4 Nc8 38. Ra5 Nd6+ 39. Kd3 Nb5 40. Bb2 Nc7 41. Kc4 Rg6 42. g3 Rg4+ 43. Bd4 a3 44. b5 a2 45. b6 Nxd5 46. Rxd5+ Kc6 47. Ra5 1-0

[Event "Superbet Classic 2023"]
[Site "Bucharest ROU"]
[Date "2023.05.06"]
[Round "1.2"]
[White "Caruana, F.."]
[Black "Deac, Bogdan-Daniel"]
[Result "1/2-1/2"]
[WhiteElo "2764"]
[BlackElo "2700"]
[PlyCount "98"]
[EventDate "2023.05.06"]

1. d4 Nf6 2. c4 e6 3. Nc3 Bb4 4. Nf3 O-O 5. Bg5 c5 6. Rc1 cxd4 7. Nxd4 h6 8. Bh4 d5 9. cxd5 Bxc3+ 10. Rxc3 g5 11. Bg3 Qxd5 12. f3 e5 13. Nc2 Qxd1+ 14. Kxd1 Rd8+ $146 ({RR} 14... Nd5 15. Rd3 Be6 16. e4 Nf4 17. Bxf4 gxf4 18. Rc3 Rd8+ 19. Kc1 Nc6 20. Bc4 Bxc4 21. Rxc4 Kg7 22. Rc3 Rd6 23. g3 Rad8 24. Rg1 Kf6 25. gxf4 exf4 26. Rc5 Ne5 27. Nb4 Ke6 28. Rc3 Nd3+ 29. Nxd3 {Pechac,J (2633)-Gelfand,B (2668) Czech Republic CZE 2023 0-1 (54)}) 15. Ke1 Nd5 16. Rd3 Nc6 17. e4 Nf4 18. Rxd8+ Nxd8 19. Bf2 Be6 20. b3 a5 21. g3 Nh5 22. Kd2 a4 23. Kc3 axb3 24. axb3 g4 25. fxg4 Nf6 26. Bd3 Bxg4 27. Nb4 Rc8+ 28. Kb2 Bf3 29. Re1 Nc6 30. Bc5 Nd7 31. Bd6 Nxb4 32. Bxb4 Nc5 33. Bc4 Bh5 34. Rc1 b6 35. Bd2 Kg7 36. Be3 Bg4 37. b4 Nd7 38. Kb3 h5 39. Ra1 Bf3 40. Bxf7 Kxf7 41. Rf1 b5 42. Rxf3+ Ke6 43. Bg5 Rc4 44. Re3 Nf6 45. Bxf6 Kxf6 46. Rf3+ Ke6 47. Re3 Kf6 48. Rf3+ Ke6 49. Re3 Kf6 1/2-1/2

[Event "Titled Tue 25th Apr Early"]
[Site "chess.com INT"]
[Date "2023.04.25"]
[Round "6"]
[White "Caruana, F.."]
[Black "Deac, Bogdan-Daniel"]
[Result "1-0"]
[WhiteElo "2764"]
[BlackElo "2700"]
[PlyCount "149"]
[EventDate "2023.04.25"]

1. d4 Nf6 2. c4 e6 3. Nc3 Bb4 4. e3 O-O 5. a3 Bxc3+ 6. bxc3 d6 7. Ne2 e5 ({RR} 7... c5 8. Ng3 Nc6 9. Ra2 b6 10. e4 Ba6 11. Bg5 h6 12. h4 hxg5 13. hxg5 g6 14. gxf6 Qxf6 15. e5 dxe5 16. d5 Ne7 17. d6 Nf5 18. Ne4 Qd8 19. Qd3 Kg7 20. g4 Bb7 21. Rh3 Nh4 22. g5 {Ding Liren (2788)-Nepomniachtchi,I (2795) Astana KAZ 2023 ½-½ (45)}) 8. Ng3 Re8 9. f3 c6 $146 ({RR} 9... c5 10. d5 Nbd7 11. e4 Nf8 12. Bd3 Ng6 13. O-O Bd7 14. Ra2 Nf4 15. Bb1 Qa5 16. Ne2 Nxe2+ 17. Rxe2 Qxc3 18. Bb2 Qxc4 19. Bd3 Qa4 20. Qe1 Bb5 21. Bxb5 Qxb5 22. f4 Nd7 23. f5 f6 24. Rf3 {Hakobyan,A (2619)-Raja,R (2532) chess.com INT 2024 ½-½ (104)}) ({RR} 9... Nc6 10. e4 b6 11. Be2 Ba6 12. O-O Na5 13. Nf5 Nd7 14. Qe1 Bxc4 15. Bxc4 Nxc4 16. Qg3 Qf6 17. Bh6 Qg6 18. Nxg7 Qxg3 19. hxg3 Re7 20. Nf5 Re6 21. Kf2 c6 22. Rh1 d5 23. Rh4 Rae8 24. Ng7 {Hakobyan,A (2620)-Yilmaz,M (2586) chess.com INT 2025 1-0 (68)}) 10. Be2 Qe7 11. O-O d5 12. a4 Qc7 13. Rb1 b6 14. cxd5 cxd5 15. Bb5 Bd7 16. Bd3 Nc6 17. Qc2 Na5 18. e4 Rac8 19. Qf2 dxe4 20. Nxe4 Nxe4 21. fxe4 Bxa4 22. dxe5 Nc6 23. Ba6 Rb8 24. Bc4 Nxe5 25. Bd5 Bc6 26. Bf4 Bxd5 27. exd5 Qxc3 28. Rbc1 Qb4 29. Bxe5 Rxe5 30. Qxf7+ Kh8 31. Rc7 Qd4+ 32. Kh1 Ree8 33. d6 Rg8 34. d7 h6 35. h3 Qd6 36. Rfc1 Rbf8 37. Qc4 Rd8 38. Qg4 a5 39. Rb7 b5 40. Rd1 Qc6 41. Ra7 a4 42. Qd4 Qf6 43. Qd5 Qb2 44. Rb7 a3 45. Rxb5 Qc2 46. Ra5 Qb2 47. Rd2 Qc1+ 48. Rd1 Qb2 49. Qc4 Rgf8 50. Qd5 Qc3 51. Ra4 Qb2 52. Qd3 Rf7 53. Ra7 Rff8 54. Qxa3 Qf2 55. Qa6 Qe3 56. Rb7 Kh7 57. Qd6 Qe4 58. Qd5 Qxd5 59. Rxd5 Rf7 60. Kh2 g5 61. Kg3 Kg6 62. Rb6+ Kg7 63. Rbd6 Re7 64. Kg4 Rf7 65. g3 Re7 66. Kh5 g4 67. hxg4 Re1 68. Rg6+ Kf7 69. Kxh6 Rh8+ 70. Kg5 Rd8 71. Rgd6 Re7 72. Rh6 Kg7 73. Rg6+ Kh7 74. Rd1 Rg7 75. Rh1+ 1-0

[Event "Superbet ROM Classic 2024"]
[Site "Bucharest ROU"]
[Date "2024.06.29"]
[Round "4.2"]
[White "Caruana, F.."]
[Black "Deac, Bogdan-Daniel"]
[Result "1-0"]
[WhiteElo "2805"]
[BlackElo "2680"]
[PlyCount "67"]
[EventDate "2024.06.26"]

1. d4 Nf6 2. c4 e6 3. Nc3 Bb4 4. e3 O-O 5. a3 Bxc3+ 6. bxc3 c5 7. Bd3 Nc6 8. Rb1 d6 ({RR} 8... Re8 9. Ne2 e5 10. O-O e4 11. Bc2 b6 12. f3 Ba6 13. fxe4 Nxe4 14. Rf4 d5 15. cxd5 Qxd5 16. c4 Qxc4 17. Bxe4 Rxe4 18. Rxe4 Qxe2 19. Qxe2 Bxe2 20. Rb3 c4 21. Rc3 Bd3 22. Rf4 Rd8 23. Bb2 {Caruana,F (2805)-Deac,B (2687) chess.com INT 2024 1-0 (47)}) 9. Ne2 e5 10. O-O Re8 $146 ({RR} 10... b6 11. e4 h6 12. d5 Ne7 13. f3 Ng6 14. Be3 Nh7 15. Qc2 Bd7 16. Rf2 f6 17. Kh1 Rf7 18. g3 Qc8 19. f4 f5 20. Rbf1 fxe4 21. Bxe4 Bf5 22. g4 Bxe4+ 23. Qxe4 Nxf4 24. Nxf4 exf4 25. Rxf4 {Parkhov,Y (2505)-Trost,E (2399) Munich GER 2023 0-1 (44)}) ({RR} 10... h6 11. d5 Ne7 12. e4 Ng6 13. f3 Nh5 14. g3 Nf6 15. Be3 b6 16. Qc2 Bh3 17. Rf2 Nh7 18. Kh1 Bd7 19. Rbf1 {½-½ (19) Ghosh,D (2573)-Urkedal,F (2550) Fagernes NOR 2025}) 11. f3 b6 12. e4 cxd4 13. cxd4 Nxd4 14. Nxd4 exd4 15. Bg5 Re5 16. Bh4 Qe7 17. Be2 Ra5 18. Rb3 Ba6 19. Qxd4 Qe5 20. Rd1 Qxd4+ 21. Rxd4 Ne8 22. Be1 Rc5 23. Bb4 Rc6 24. f4 Rac8 25. Rc3 R8c7 26. Kf2 h5 27. h3 g6 28. a4 Rc8 29. Ke3 Bb7 30. f5 gxf5 31. exf5 Nf6 32. Kf4 d5 33. Be7 Re8 34. Re3 1-0

[Event "Titled Tue 5th Nov Late"]
[Site "chess.com INT"]
[Date "2024.11.05"]
[Round "9"]
[White "Caruana, F.."]
[Black "Esipenko, Andrey"]
[Result "0-1"]
[WhiteElo "2805"]
[BlackElo "2682"]
[PlyCount "76"]
[EventDate "2024.11.05"]

1. d4 Nf6 2. c4 e6 3. Nc3 Bb4 4. e3 O-O 5. a3 Bxc3+ 6. bxc3 d6 7. Ne2 c5 8. Ng3 Nc6 9. Be2 ({RR} 9. Ra2 b6 10. e4 Ba6 11. Bg5 h6 12. h4 hxg5 13. hxg5 g6 14. gxf6 Qxf6 15. e5 dxe5 16. d5 Ne7 17. d6 Nf5 18. Ne4 Qd8 19. Qd3 Kg7 20. g4 Bb7 21. Rh3 Nh4 22. g5 Bxe4 23. Qxe4 Nf5 {Ding Liren (2788)-Nepomniachtchi,I (2795) Astana KAZ 2023 ½-½ (45)}) 9... b6 10. O-O ({RR} 10. e4 Ba6 11. d5 Na5 12. O-O Bxc4 13. Bxc4 Nxc4 14. Qe2 exd5 15. exd5 b5 16. a4 a6 17. Bg5 h6 18. axb5 hxg5 19. Qxc4 axb5 20. Qxb5 Nxd5 21. Ne4 Rxa1 22. Rxa1 Qe7 23. f3 Nxc3 24. Qd3 Nxe4 {Valkova,A (2001)-Schloffer,J (2188) Rhodes GRE 2025 0-1 (48)}) 10... Ba6 11. e4 Rc8 $146 ({RR} 11... Na5 12. f4 cxd4 13. cxd4 Bxc4 14. f5 Qc7 15. Bg5 Bxe2 16. Qxe2 Qc4 17. Qxc4 Nxc4 18. Bxf6 gxf6 19. Nh5 Nd2 20. Rf4 Rac8 21. Rd1 Nb3 22. Rg4+ Kh8 23. Nxf6 Rc1 24. Rxc1 Nxc1 25. Kf2 exf5 26. exf5 {Hakobyan,A (2613)-Bok,B (2615) chess.com INT 2023 1-0 (31)}) ({RR} 11... Na5 12. f4 cxd4 13. cxd4 Bxc4 14. f5 Qc7 15. Bg5 Bxe2 16. Qxe2 Qc4 17. Qxc4 Nxc4 18. Bxf6 gxf6 19. Nh5 Nd2 20. Rf4 Rac8 21. Rd1 Nb3 22. Rg4+ Kh8 23. Nxf6 Rc1 24. Rxc1 Nxc1 25. Kf2 exf5 26. exf5 {Hakobyan,A (2613)-Bok,B (2615) chess.com INT 2023 1-0 (31)}) 12. f4 Na5 13. e5 Ne8 14. d5 Bxc4 15. Bxc4 Nxc4 16. dxe6 fxe6 17. Qe2 d5 18. f5 Qd7 19. Bg5 h6 20. Bh4 Nc7 21. Rae1 Rce8 22. Qh5 Qf7 23. Qg4 Kh7 24. h3 exf5 25. Nxf5 Qg6 26. Qxg6+ Kxg6 27. Ne7+ Kh7 28. Rxf8 Rxf8 29. Nc6 Ne6 30. Nxa7 Nxa3 31. Nc6 Nb5 32. Rb1 Nxc3 33. Rxb6 d4 34. Ne7 d3 35. Be1 Ne2+ 36. Kh2 N6d4 37. Bd2 Rf2 38. Kh1 c4 0-1

[Event "Reggio Emilia 53rd"]
[Site "Reggio Emilia"]
[Date "2011.01.02"]
[Round "5"]
[White "Caruana, Fabiano"]
[Black "Gashimov, Vugar"]
[Result "1/2-1/2"]
[WhiteElo "2697"]
[BlackElo "2719"]
[PlyCount "43"]
[EventDate "2010.12.28"]
[EventType "tourn"]
[EventRounds "9"]
[EventCountry "ITA"]
[EventCategory "18"]
[SourceTitle "CBM 140"]
[Source "ChessBase"]
[SourceDate "2011.01.18"]
[SourceVersion "1"]
[SourceVersionDate "2011.01.18"]
[SourceQuality "1"]

1. d4 Nf6 2. c4 e6 3. Nc3 Bb4 4. e3 c5 5. Nge2 cxd4 6. exd4 d5 7. a3 Bxc3+ 8. Nxc3 dxc4 9. Bxc4 Nc6 10. Be3 O-O 11. O-O Nd5 ({RR} 11... Ne7 12. Qf3 Qc7 13. Bd3 Bd7 14. Bf4 Qb6 15. Be5 Bc6 16. Qg3 Ng6 17. Bxf6 gxf6 18. h4 Kh8 19. h5 Ne7 20. Qf4 Ng8 21. d5 Bd7 22. Rad1 Qxb2 {1-0 (22) Lautier,J (2670)-Bologan,V (2630) Reykjavik 2003}) 12. Qh5 ({RR} 12. Nxd5 exd5 13. Bd3 h6 14. Qf3 Be6 15. b4 a6 16. Rac1 Rc8 17. Rc5 Qh4 18. Qg3 Qxg3 19. fxg3 Rfe8 20. Kf2 b6 21. Rcc1 a5 22. b5 Ne7 23. Ke2 Ng6 24. Kd2 h5 25. a4 h4 26. Bf2 h3 {Eynullayev,A (2265)-Aketayeva,D (2130) chess.com INT 2023 1-0 (36)}) 12... Nce7 13. Bg5 f6 14. Bd2 $146 ({RR} 14. Be3 Nf5 15. Bd3 g6 16. Qf3 Nfxe3 17. fxe3 Nxc3 18. bxc3 Qc7 19. c4 Bd7 20. Rfc1 Rac8 21. c5 Bc6 22. Be4 f5 23. Bxc6 Qxc6 24. Rcb1 b6 25. Qxc6 Rxc6 26. Rb5 bxc5 27. dxc5 Rfc8 28. Rc1 Kf7 {Brioschi,C (1826)-Gerundino,N (1961) Crema 2009 0-1 (51)}) 14... Qe8 15. Qf3 Qc6 16. Nxd5 Nxd5 17. Rac1 Bd7 18. Qg3 Qb6 19. Bxd5 exd5 20. Bb4 Rfc8 21. Bc5 Qc7 22. Rfe1 1/2-1/2

[Event "Tashkent FIDE GP"]
[Site "Tashkent"]
[Date "2014.10.28"]
[Round "7"]
[White "Caruana, Fabiano"]
[Black "Gelfand, Boris"]
[Result "1-0"]
[WhiteElo "2844"]
[BlackElo "2748"]
[Annotator "RR"]
[PlyCount "69"]
[EventDate "2014.10.21"]
[EventType "tourn"]
[EventRounds "11"]
[EventCountry "UZB"]
[EventCategory "21"]
[SourceTitle "CBM 163"]
[Source "ChessBase"]
[SourceDate "2014.11.11"]
[SourceVersion "1"]
[SourceVersionDate "2014.11.11"]
[SourceQuality "1"]

1. d4 Nf6 2. c4 e6 3. Nc3 Bb4 4. Qc2 d5 5. cxd5 exd5 6. Bg5 h6 7. Bxf6 Qxf6 8. e3 O-O 9. a3 Bf5 10. Bd3 Bxc3+ 11. bxc3 Bxd3 12. Qxd3 c5 13. Ne2 Nd7 $146 ({RR} 13... c4 14. Qc2 Re8 15. O-O Nd7 16. Ng3 Qc6 17. Rae1 Nf6 18. f3 h5 19. Re2 g6 20. Rfe1 h4 21. Nf1 Nh5 22. Kf2 Re6 23. g3 hxg3+ 24. hxg3 Qd7 25. e4 Ra6 26. Qc1 Qh3 27. Qh6 Rxa3 28. exd5 {Schuster,K (2289)-Klek,H (2225) Germany 2014 1-0 (46)}) ({RR} 13... c4 14. Qc2 Nd7 15. O-O Rfe8 16. Ng3 Qc6 17. Rae1 Nf6 18. f3 h5 19. Qf5 Qa4 20. Qg5 Re6 21. e4 Qxa3 22. e5 Nh7 23. Qe3 g6 24. Ne2 Qa5 25. Nf4 Ree8 26. e6 g5 27. exf7+ {1-0 (27) Serarols Mabras,B (2300)-Bronstein,O (2439) Vrnjacka Banja SRB 2024}) 14. O-O Qc6 15. a4 Rfc8 16. Rfb1 Rc7 17. a5 Rac8 18. h3 Nf6 19. Ng3 Qe6 20. dxc5 Ne4 21. Nxe4 dxe4 22. Qd6 Qf5 23. Ra4 Rxc5 24. Rxb7 Rxa5 $2 (24... Rxc3 25. Qf4 Qxf4 26. exf4 Rc1+ 27. Kh2 R1c2 28. Rxe4 Rxf2 29. Rxa7 Rcc2 $11) 25. Rxa5 Qxa5 26. Rxf7 $1 $18 Qxc3 27. Rxa7 Kh8 28. Rf7 Re8 29. g4 Kh7 30. Qd7 Rb8 31. Qf5+ Kg8 32. Ra7 Qb2 33. Qxe4 Rf8 34. Qd5+ Kh7 35. Rf7 1-0

[Event "Dortmund SuperGM 43rd"]
[Site "Dortmund"]
[Date "2015.07.04"]
[Round "6"]
[White "Caruana, Fabiano"]
[Black "Hou, Yifan"]
[Result "1-0"]
[WhiteElo "2805"]
[BlackElo "2676"]
[Annotator "Sagar,Shah"]
[PlyCount "77"]
[EventDate "2015.06.27"]
[EventType "tourn"]
[EventRounds "7"]
[EventCountry "GER"]
[EventCategory "19"]
[SourceTitle "CBM 167"]
[Source "ChessBase"]
[SourceDate "2015.07.13"]
[SourceVersion "1"]
[SourceVersionDate "2015.07.13"]
[SourceQuality "1"]

1. c4 {Stockfish 16.1} e6 2. Nc3 d5 3. d4 Bb4 4. a3 {Caruana is in an attacking mood today as he goes for the a3 variation in the Nimzo. One cannot really say that this is a Nimzo because the knight is still not on f6 and the pawn is on d5. But after a few moves it transposes into the Nimzo-Indian.} Bxc3+ 5. bxc3 Nf6 6. e3 c6 $5 {This line is not played very often. Just around 70 games in the database. But it is one of the favourite lines of Yu Yangyi, and was also played by Hou Yifan against Lin in 2010 and Dzagnidze in 2011. The main idea for Black is to 0-0 and then follow it up with b6-b7 or a6.} (6... O-O {is the main line and readers will recall the famous Botvinnik-Capablanca game that was played in AVRO 1938.} 7. cxd5 exd5 8. Bd3 c5 9. Ne2 b6 10. O-O Ba6 {with a complex and interesting battle.}) 7. a4 $5 {A wise move by Caruana. Not only can he develop his bishop to a3 but a move like ...b6 can be met with a5 putting pressure on the black queenside.} (7. Bd3 {was nicely countered by Yu Yangyi against Aleksandrov with the move} e5 $1 8. dxe5 dxc4 9. Bxc4 Qxd1+ 10. Kxd1 Ng4 11. Ke1 Nxe5 12. Be2 Bf5 $11 {when Black had already equalised comfortably. 0-1 (91) Aleksandrov,A (2554)-Yu,Y (2675) Dubai 2014}) (7. Nf3 O-O 8. Bd3 b6 9. O-O Ba6 $11 {0-1 (68) Dzagnidze,N (2516)-Hou,Y (2578) Beijing 2011}) 7... O-O 8. Nf3 ({RR} 8. Bd3 e5 9. dxe5 dxc4 10. Bxc4 Qxd1+ 11. Kxd1 Ng4 12. Ke1 Nxe5 13. Be2 Rd8 ({RR} 13... Bf5 14. Ba3 Rd8 15. Nf3 Nbd7 16. Nd4 Bd3 17. Bxd3 Nxd3+ 18. Ke2 N3e5 19. Rhb1 b6 20. f4 Nc4 21. Nxc6 Re8 22. Kd3 Nxa3 23. Rxa3 Nc5+ 24. Ke2 Re6 25. Nd4 Re4 26. Kf3 Rae8 27. c4 R4e7 28. Rb2) 14. Nf3 Nd3+ 15. Bxd3 Rxd3 16. Bb2 Be6 17. Ke2 Rd8 18. Nd2 c5 19. c4 Nc6 ({RR} 19... a5 20. g4) 20. a5 Rd7 21. Bc3 Rad8 22. Rhc1 h6 {Abasov,N (2632)-Caruana,F (2803) Chess.com 2024 [Stockfish 16.1] ½-½ (44)}) 8... b6 9. cxd5 exd5 {This is a much better recapture than taking with the c-pawn because later Black can break with c6-c5.} (9... cxd5 {looks natural but after} 10. Ba3 Re8 11. Bb5 Bd7 12. Bd3 Nc6 13. O-O $14 {White is just better.}) ({RR} 9... cxd5 10. Bb5 Ne4 11. Ba3 Nd6 12. O-O a6 13. Bd3 Qc7 14. Qc2 h6 15. Ne5 Bb7 16. f4 f5 17. Rab1 Rc8 18. Rfc1 Nc4 19. Bxc4 dxc4 20. Qb2 Be4 21. Qxb6 Bxb1 22. Qxe6+ Kh7 23. Rxb1 Nc6 24. Qxf5+ {Lysyj,I (2582)-Sprenar,P (2318) chess.com INT 2025 1-0}) 10. Bd3 $146 (10. a5 Ba6 11. Bxa6 Nxa6 12. Ba3 Re8 13. O-O b5 $11) ({RR} 10. Qc2 Re8 11. Bd3 Ba6 12. O-O Bxd3 13. Qxd3 Nbd7 14. c4 Qc8 15. cxd5 cxd5 16. Nd2 Qb7 17. Ba3 Rac8 18. Rfc1 h6 19. h3 Rxc1+ 20. Rxc1 Rc8 21. Rb1 Rc6 22. a5 Qc8 23. axb6 axb6 24. Be7 Rc1+ {Galunova,T (2217)-Zawadzka,J (2412) Achaia 2017 0-1 (59)}) 10... Ba6 $1 {Exchanging the strong d3-bishop is always a good idea for Black.} 11. O-O c5 12. Ne5 (12. Bb5 Bxb5 13. axb5 {would retain some pressure for White.}) 12... Re8 (12... Bxd3 13. Qxd3 Qc7 $11 {followed by c6 would have allowed Black to equalize with ease.}) 13. a5 $1 Bxd3 14. Nxd3 $6 (14. Qxd3 {was the most natural but after} c4 15. Qf5 Nbd7 $11 {Black has about equal chances.}) 14... Nc6 $6 {An odd move by Hou Yifan. She could have comfortably developed her knight to d7 but instead chooses this square in order to clarify the situation with regards to the a5-pawn.} (14... Nbd7 $11 {was very comfortable for Black.}) (14... c4 15. axb6 $5 Qxb6 (15... cxd3 16. b7 $18) 16. Nc5 a5 {followed by bd7 should be around equal.}) 15. axb6 axb6 16. Rxa8 Qxa8 17. dxc5 bxc5 18. Nxc5 {Black has some compensation because the c1-bishop doesn't have a good square to go to, but Hou Yifan has to play very accurately now to keep her compensation alive.} Ne5 $6 (18... Ne4 $5 19. Nxe4 (19. Qxd5 $6 Re5 $1 20. Qxe4 Rxe4 21. Nxe4 Qa5 $15) (19. Nd3 Nxc3 20. Qc2 Ne4 21. Bb2 $14 {White should be better over here.}) 19... dxe4 20. c4 Ne5 21. Qd4 Qc6 22. c5 (22. Bb2 Qxc4 23. Rc1 Qxd4 24. Bxd4 Nd3 $11) 22... Nd3 23. Ba3 h5 {White is slightly better but the knight is well placed and Black should have decent chances to hold. In any case this would have been the best way for Black to play.}) 19. Nd3 $1 {A strong move in order to relocate the knight to f4 and put pressure on the d5 pawn.} Nc4 (19... Nxd3 20. Qxd3 Qc6 21. Ba3 Rc8 22. Bb4 $16) 20. Nf4 (20. Nb4 {was also possible.}) 20... h6 21. Qd4 {Centralizing the queen. Look how little by little Caruana tries to improve his position to the fullest.} Re4 22. Qc5 Re5 23. f3 $1 {Taking away the crucial e4 square from the rook so that the queen cannot be disturbed on d4.} Qa2 24. Qd4 {This is a clear case of reaching maximum activity and seeing no real way to improve your already well placed pieces. Black has her pieces well stationed but what next?} Qa4 25. h4 $1 {The logical plan now is to expand on the kingside. The f3-pawn does a wonderful job of limiting the black pieces.} Qb5 26. g4 $1 {Hou Yifan would be under tremendous pressure here. She is a pawn down and unable to improve her position, while Caruana is slowly but steadily taking over.} Nd7 27. Nd3 Re6 28. Kg2 Ndb6 $6 {The knight has wandered away a little too far away from his king to b6. Caruana now tries to attack the kingside and the weakest point i.e g7.} (28... Nde5 {was the best and after} 29. Nb4 Rd6 30. h5 (30. Rd1 Rf6 $1) 30... Qd7 {Black is holding the position.}) 29. Nf4 Re5 30. Nh5 {The knight is so menacingly placed on h5 that Black will have to give up her rook for it. Threats include moves like f4 but maybe stronger is xg7 followed by f4.} Qb1 (30... Qc6 31. f4 (31. Nxg7 $2 Qg6 $1 $17 {The knight is trapped on g7.} (31... Kxg7 32. f4 $18)) 31... Rxh5 32. gxh5 Nd7 $44 {followed by f6. And the arising position is quite funny. Black is a pawn and exchange down but has pretty decent chances to hold the position thanks to his light squared control.}) 31. e4 $1 {Hawk eyed Caruana does not let the opportunity slip by. He forces a black pawn to the e4-square so that later he can play f4 and there would be no e4+.} (31. f4 $6 Qe4+ 32. Kf2 Qxd4 33. cxd4 Re6 $14 {gives Black some hopes to defend the inferior endgame.}) 31... dxe4 32. f4 $1 Rxh5 {Black is forced to give up an exchange but she doesn't have enough compensation for it. The rest is really a matter of technique for Caruana as he quickly wraps up the game.} 33. gxh5 {The pawns look weak and clumsy but they do not matter any more. The g7 point is too weak and with a rook quickly coming on the open g-file, it will all be over pretty soon.} Qc2+ 34. Kh1 Qe2 35. Rg1 Qf3+ 36. Rg2 g6 (36... Qf1+ 37. Kh2 $18) 37. hxg6 Qf1+ 38. Kh2 Qxc1 {The bishop on c1 never moved in the game. He died on the initial square but after making sure that his side is winning the game.} 39. Qf6 {One could say that Hou Yifan's play was not up to the mark in this game but what I found amazing was Caruana playing extremely accurate chess. His manouevres of c5-d3-f4, and expansion on kingside with h4 followed by g4 and the central break e4 coupled with f4 were supremely high level concepts.} 1-0